Most Common Last Names (10) - Statistics

General Stats
  • This quiz has been taken 80 times
  • The average score is 5 of 10
Answer Stats
Approximate Number Last Name % Correct
2,501,922 Smith
100%
1,544,427 Jones
78%
2,014,470 Johnson
68%
1,544,427 Brown
63%
1,738,413 Williams
60%
1,054,488 Miller
40%
1,193,760 Davis
35%
843,093 Wilson
24%
773,457 Taylor
21%
775,944 Moore
14%
No matching quizzes found
Score Distribution
Percent of People with Each Score
Percentile by Number Answered
Your Score History
You have not taken this quiz